[Event "Druzynowe Mistrzostwa Polski Juniorow - I Liga 2018"]
[Site "Kudowa-Zdroj"]
[Date "1899-12-30"]
[Round "4.10"]
[White "Dziewonski, Dariusz"]
[Black "Dalkowski, Rafal"]
[Result "1-0"]
[WhiteTitle "I"]
[BlackTitle "II"]
[WhiteElo "1733"]
[BlackElo "1510"]

1. e4 c6 2. d4 d5 3. Nc3 dxe4 4. Nxe4 Bf5 5. Ng3 Bg6 6. h4 h6 7. f4 e6 8. Nf3 Nd7
9. h5 Bh7 10. Bd3 Bxd3 11. Qxd3 Qb6 12. Qb3 Qxb3 13. axb3 c5 14. Be3 Ngf6 15.
dxc5 Bxc5 16. Bxc5 Nxc5 17. b4 Nce4 18. Nxe4 Nxe4 19. c3 Ke7 20. Nd2 Nxd2 21.
Kxd2 Rhd8+ 22. Ke3 a6 23. Rhd1 Rxd1 24. Rxd1 a5 25. bxa5 Rxa5 26. g4 g6 27. hxg6
fxg6 28. b4 Ra8 29. Ke4 Rc8 30. Rd3 g5 31. fxg5 hxg5 32. Ke5 Rc4 33. Rh3 Rxg4
34. Rh7+ Kd8 35. Kd6 Ke8 36. Kxe6 Kd8 37. Kd6 Ke8 38. Rxb7 Rc4 39. Rg7 Rxc3 40.
Rg8+ Kf7 41. Rxg5 Kf6 42. Rd5 Kf7 43. Re5 Kf6 44. Re1 Rb3 45. Kc5 Rc3+ 46. Kb6
Rc8 47. b5 Rc2 48. Kb7 Rb2 49. b6 Rb5 50. Ka7 Ra5+ 51. Kb8 Rb5 52. b7 Rb2 53.
Ra1 Re2 54. Ka8 Ke7 55. b8=Q 1-0

[Event "Druzynowe Mistrzostwa Polski Juniorow - I Liga 2018"]
[Site "Kudowa-Zdroj"]
[Date "1899-12-30"]
[Round "4.11"]
[White "Tarka, Aleksandra"]
[Black "Mazanowska, Aniela"]
[Result "1-0"]
[WhiteTitle "I++"]
[BlackTitle "II"]
[WhiteElo "1679"]
[BlackElo "1313"]

1. d4 d5 2. Nc3 Nf6 3. Bf4 Nc6 4. Nb5 e5 5. dxe5 Nh5 6. e3 Nxf4 7. exf4 Bf5 8.
Bd3 Qd7 9. Bxf5 Qxf5 10. Nxc7+ Kd8 11. Nxa8 Nb4 12. Rc1 Qxf4 13. Nf3 Qe4+ 14.
Qe2 Nxa2 15. Qxe4 dxe4 16. Rd1+ Kc8 17. Ng5 Be7 18. Nxf7 Rf8 19. Nd6+ Kb8 20.
c3 Bg5 21. Ke2 Rd8 22. Nf7 Nc1+ 23. Rxc1 Bxc1 24. Nxd8 Bxb2 25. Rb1 Bxc3 26. Rxb7+
Kxa8 27. e6 Bf6 28. Rd7 a5 29. Nc6 a4 30. Ra7# 1-0

[Event "Druzynowe Mistrzostwa Polski Juniorow - I Liga 2018"]
[Site "Kudowa-Zdroj"]
[Date "1899-12-30"]
[Round "4.12"]
[White "Czarnecka, Lidia"]
[Black "Rejniak, Zuzanna"]
[Result "1-0"]
[WhiteTitle "I++"]
[BlackTitle "I++"]
[WhiteElo "1767"]
[BlackElo "1559"]

1. e4 c5 2. Nf3 Nc6 3. d4 cxd4 4. Nxd4 Nf6 5. Nc3 e6 6. Ndb5 Bc5 7. Be2 O-O 8.
O-O d5 9. exd5 exd5 10. Bf3 Be6 11. Na4 Be7 12. Nd4 Nxd4 13. Qxd4 Qc7 14. Bf4
Bd6 15. Bxd6 Qxd6 16. Rfd1 Rfc8 17. Nc3 Rd8 18. Rd2 Rd7 19. Rad1 Qc6 20. g3 Rad8
21. Qxa7 h6 22. Qa5 Ne4 23. Nxe4 dxe4 24. Rxd7 Rxd7 25. Rxd7 Bxd7 26. Bg2 Be6
27. Qe5 Qxc2 28. Bxe4 Qc1+ 29. Kg2 Qc8 30. Qc3 Bh3+ 31. Kf3 Qg4+ 32. Ke3 Qe6 33.
Qb3 Qe7 34. Qxb7 Qc5+ 35. Ke2 Qh5+ 36. f3 g6 37. Qd5 Bf5 38. Qd8+ Kg7 39. Qh4
Qxh4 40. gxh4 Be6 41. a4 Kf6 42. a5 Ke5 43. Kd3 Kd6 44. a6 Kd5 1-0

[Event "Druzynowe Mistrzostwa Polski Juniorow - I Liga 2018"]
[Site "Kudowa-Zdroj"]
[Date "1899-12-30"]
[Round "4.13"]
[White "Raczynski, Krzysztof"]
[Black "Golenia, Jan"]
[Result "1-0"]
[WhiteTitle "k+"]
[BlackTitle "I"]
[WhiteElo "2096"]
[BlackElo "1986"]

1. e4 d6 2. d4 Nf6 3. Nc3 c6 4. f4 Qa5 5. Bd3 e5 6. Nf3 Nbd7 7. O-O Be7 8. Kh1
Qc7 9. Qe1 O-O 10. a4 Re8 11. dxe5 dxe5 12. f5 b6 13. Bc4 a6 14. Qe2 Bb7 15. Bxf7+
Kh8 16. Bxe8 Rxe8 17. Ng5 h6 18. Ne6 Qb8 19. Rf3 Nf8 20. Nxg7 Kxg7 21. Rg3+ Kh7
22. Qc4 Nd5 23. exd5 cxd5 24. Qg4 1-0

[Event "Druzynowe Mistrzostwa Polski Juniorow - I Liga 2018"]
[Site "Kudowa-Zdroj"]
[Date "1899-12-30"]
[Round "4.14"]
[White "Golenia, Wojciech"]
[Black "Butyrowski, Marcel"]
[Result "1-0"]
[WhiteTitle "I++"]
[BlackTitle "I+"]
[WhiteElo "1984"]
[BlackElo "1725"]

1. Nf3 Nf6 2. g3 b6 3. Bg2 Bb7 4. O-O e6 5. d3 Be7 6. Nbd2 d6 7. e4 Nbd7 8. a4
a6 9. Qe2 O-O 10. c3 c5 11. b3 Qc7 12. Bb2 d5 13. c4 dxe4 14. dxe4 e5 15. Nh4
Rfe8 16. Nf5 Bf8 17. Ne3 Bd6 18. Nd5 Qb8 19. Kh1 Bc6 20. Qd3 Qb7 21. Nb1 Bb8 22.
Nbc3 Kh8 23. Qe2 Ng8 24. f4 Nf8 25. f5 f6 26. g4 Bd6 27. h4 Rab8 28. Rfd1 Red8
29. Rd2 Rd7 30. g5 Rbd8 31. Rad1 Qb8 32. Bf3 Qa7 33. Qg2 h6 34. Rg1 Nh7 35. Qh3
Be7 36. gxh6 Nxh6 37. Nxe7 Rxd2 38. Nxc6 Qd7 39. Nxd8 Rxb2 40. Rd1 Rd2 41. Ne6
Qd3 42. Rxd2 Qxd2 43. Ne2 Qe1+ 44. Kg2 Qd2 45. Qg3 Qd7 46. Qg6 Ng8 47. Qxh7+ 1-0

[Event "Druzynowe Mistrzostwa Polski Juniorow - I Liga 2018"]
[Site "Kudowa-Zdroj"]
[Date "1899-12-30"]
[Round "4.15"]
[White "Wojdak, Jan"]
[Black "Wrona, Florian"]
[Result "1-0"]
[WhiteTitle "I"]
[BlackTitle "I"]
[WhiteElo "1754"]
[BlackElo "1660"]

1. e4 c5 2. Nf3 d6 3. d4 cxd4 4. Nxd4 Nf6 5. Nc3 g6 6. Be3 Bg7 7. f3 O-O 8. Qd2
Nc6 9. O-O-O Bd7 10. Bc4 Rc8 11. Bb3 Ne5 12. g4 Nc4 13. Bxc4 Rxc4 14. h4 h5 15.
g5 Nh7 16. Nde2 Qa5 17. Bd4 Bxd4 18. Nxd4 Rfc8 19. Nb3 Qa6 20. Kb1 Be6 21. f4
Qb6 22. Rdf1 R4c6 23. f5 Bxb3 24. axb3 Qa5 25. fxg6 Ra6 26. gxh7+ Kxh7 27. Kc1
Qa1+ 28. Nb1 Ra2 29. c3 b5 30. Rxf7+ Kg8 31. Rxe7 Rc5 32. b4 Re5 33. Rxe5 dxe5
34. Rf1 Kg7 35. Qd7+ Kg8 36. Qe8+ Kg7 37. Rf7+ Kg6 1-0

[Event "Druzynowe Mistrzostwa Polski Juniorow - I Liga 2018"]
[Site "Kudowa-Zdroj"]
[Date "1899-12-30"]
[Round "4.16"]
[White "Knapik, Kamil"]
[Black "Lewandowski, Witold"]
[Result "1/2-1/2"]
[WhiteTitle "II"]
[BlackTitle "II+"]
[WhiteElo "1479"]
[BlackElo "1444"]

1. d4 Nf6 2. Nf3 g6 3. e3 Bg7 4. Bd3 O-O 5. Bd2 d6 6. O-O Nc6 7. c4 e5 8. d5 Nb8
9. e4 Nfd7 10. Ne1 f5 11. f3 f4 12. Nc3 Qh4 13. b4 g5 14. Nc2 Rf6 15. Qe1 Qh5
16. h3 Rg6 17. Kf2 Nf6 18. Ke2 g4 19. hxg4 Nxg4 20. Rh1 Qg5 21. Qh4 Nf6 22. Qxg5
Rxg5 23. Rag1 Nh5 24. g4 Ng3+ 25. Rxg3 fxg3 26. Bxg5 a5 27. b5 b6 28. a4 Nd7 29.
Rg1 Nf8 30. Rxg3 Bd7 31. Ne3 h6 32. Be7 Ng6 33. Nf5 Kf7 34. Bxd6 Nf4+ 35. Kd2
cxd6 36. Nxd6+ Ke7 37. Nf5+ Bxf5 38. exf5 Bf6 39. Ne2 Bg5 40. Kc2 Nxe2 41. Bxe2
Bf4 42. Rh3 Kd6 43. Kc3 Kc5 44. Rh1 Rf8 45. Rd1 Rd8 46. Bd3 Rf8 47. Be4 Rf6 48.
d6 Rxd6 49. Rxd6 Kxd6 50. f6 Bg5 51. f7 Be7 52. Bc2 Ke6 53. Bb3 Kf6 54. Kd3 Bc5
55. Ke4 Bd6 56. Kd5 Bc5 57. Bc2 Kxf7 58. Kxe5 Bb4 59. f4 Bc3+ 60. Kd5 Bb4 61.
Ke5 Bc3+ 62. Kf5 Bd4 63. g5 hxg5 64. fxg5 Kg7 65. g6 Bc5 1/2-1/2

[Event "Druzynowe Mistrzostwa Polski Juniorow - I Liga 2018"]
[Site "Kudowa-Zdroj"]
[Date "1899-12-30"]
[Round "4.17"]
[White "Szelag, Zuzanna"]
[Black "Budkiewicz, Magdalena"]
[Result "1-0"]
[WhiteTitle "I++"]
[BlackTitle "I++"]
[WhiteElo "1767"]
[BlackElo "1774"]

1. e4 c5 2. Nf3 e6 3. b3 a6 4. Bb2 Nf6 5. e5 Nd5 6. c4 Nc7 7. Nc3 Be7 8. Ne4 O-O
9. g3 b6 10. Bg2 Nc6 11. O-O d5 12. exd6 Bxd6 13. d4 Bb7 14. Ba3 Nb4 15. Nxd6
Qxd6 16. Qd2 Rad8 17. Rfd1 a5 18. Bxb4 axb4 19. dxc5 Qxd2 20. Nxd2 Bxg2 21. Kxg2
bxc5 22. Ne4 Na6 23. Rxd8 Rxd8 24. a3 f5 25. axb4 fxe4 26. Rxa6 cxb4 27. Rb6 Rd2
28. Kf1 Kf7 29. Rxb4 Rc2 30. Rb6 h6 31. h3 g6 32. Rb5 Ke7 33. c5 Kd7 34. b4 Kc6
35. Rb8 Rb2 36. Rb6+ Kd5 37. c6 Kd6 38. b5 Rc2 39. Rb7 e5 40. c7 Rxc7 41. Rxc7
Kxc7 42. Ke2 Kb6 43. Ke3 Kxb5 44. Kxe4 1-0

[Event "Druzynowe Mistrzostwa Polski Juniorow - I Liga 2018"]
[Site "Kudowa-Zdroj"]
[Date "1899-12-30"]
[Round "4.18"]
[White "Slusarczyk, Anna"]
[Black "Nowak, Roksana"]
[Result "0-1"]
[WhiteTitle "II+"]
[BlackTitle "I"]
[WhiteElo "1078"]
[BlackElo "1372"]

1. e4 e5 2. Nf3 Nf6 3. Nxe5 d6 4. Nf3 Nxe4 5. d4 d5 6. Bd3 Nf6 7. O-O Be7 8. Bg5
O-O 9. Re1 h6 10. Bh4 Re8 11. Nbd2 Nc6 12. c3 Bg4 13. Nf1 a6 14. Ng3 g5 15. Bxg5
hxg5 16. h3 Bxf3 17. Qxf3 Qd7 18. Nf5 Bf8 19. Qg3 Nh7 20. Qg4 Qd8 21. Nh4 Qf6
22. Nf3 Qg7 23. Bxh7+ Kxh7 24. Qh5+ Kg8 25. Nxg5 Qg6 26. Qg4 f6 27. Nf3 Qxg4 28.
hxg4 Bd6 29. g5 Kf7 30. gxf6 Kxf6 31. g3 Ne7 32. Nh4 Ng6 33. Nxg6 Kxg6 34. Kg2
Kf7 35. Rh1 Rh8 36. Rh3 Rxh3 37. Kxh3 Re8 38. Kg2 Kg6 39. a4 Re2 40. Rb1 Kg5 41.
Kf3 Re8 42. Kg2 Kg4 43. f3+ Kf5 44. g4+ Kf4 45. Rf1 Re2+ 46. Rf2 Rxf2+ 47. Kxf2
Kg5 48. Kg2 Bf4 49. Kf2 Bc1 50. Ke2 Bxb2 51. Ke3 Bxc3 52. Kd3 Bb2 53. Ke3 Bc1+
54. Kf2 Kf4 55. Kg2 Bb2 56. Kf2 Bxd4+ 57. Kg2 Be3 58. g5 Kxg5 59. Kg3 d4 60. Kg2
Kf4 61. a5 d3 62. Kf1 Kxf3 63. Ke1 d2+ 64. Kd1 Kf2 0-1

[Event "Druzynowe Mistrzostwa Polski Juniorow - I Liga 2018"]
[Site "Kudowa-Zdroj"]
[Date "1899-12-30"]
[Round "4.19"]
[White "Janik, Igor"]
[Black "Teclaf, Pawel"]
[Result "1/2-1/2"]
[WhiteTitle "IM"]
[BlackTitle "CM"]
[WhiteElo "2420"]
[BlackElo "2399"]

1. e4 e6 2. Qe2 e5 3. Nf3 Nc6 4. g3 Nf6 5. Bg2 Bc5 6. O-O O-O 7. d3 Re8 8. Be3
Bxe3 9. fxe3 d5 10. exd5 Nxd5 11. Ng5 Qxg5 12. Bxd5 Nd8 13. Nd2 Bh3 14. Rf2 c6
15. Bg2 Bg4 16. Bf3 Bxf3 17. Qxf3 Rf8 18. Nc4 Qe7 19. a4 Ne6 20. h4 f6 21. a5
Qc5 22. Rb1 Qd5 23. e4 Qd7 24. Qe3 Qd4 25. Qxd4 Nxd4 26. Kf1 Rfd8 27. c3 Nb3 28.
Ke2 Rd7 29. Rf3 Rad8 30. Rd1 Nc5 31. Re3 Nb3 32. Rf1 h5 33. Ref3 1/2-1/2

[Event "Druzynowe Mistrzostwa Polski Juniorow - I Liga 2018"]
[Site "Kudowa-Zdroj"]
[Date "1899-12-30"]
[Round "4.20"]
[White "Galuszka, Tomasz"]
[Black "Czechowski, Jakub"]
[Result "1/2-1/2"]
[WhiteTitle "I+"]
[BlackTitle "I"]
[WhiteElo "1989"]
[BlackElo "1880"]

1. Nf3 Nf6 2. g3 g6 3. Bg2 Bg7 4. O-O O-O 5. d3 d6 6. Nbd2 c5 7. e4 Nc6 8. Re1
d5 9. exd5 e5 10. Nc4 Nxd5 11. Ng5 Re8 12. Ne3 Re7 13. Ne4 Nc7 14. a4 Ne6 15.
Nc3 Ncd4 16. Nc4 Rb8 17. Be3 f6 18. Bxd4 b6 19. Ne3 Nxd4 20. Ne2 Nxe2+ 21. Qxe2
Be6 22. c4 Qd7 23. Nd5 Bh6 24. b3 Rf7 25. Rad1 Re8 26. Nc3 Kh8 27. Bd5 Rfe7 28.
Bxe6 f5 29. Nd5 Rxe6 30. Qf1 Bg7 31. Re2 Qf7 32. f3 g5 33. Rde1 e4 34. dxe4 fxe4
35. Rxe4 Rxe4 36. fxe4 Rxe4 37. Re2 Qe6 38. Rxe4 Qxe4 39. Qd1 Bd4+ 40. Kf1 Qh1+
41. Ke2 Qxh2+ 42. Kf3 Qh5+ 43. g4 Qf7+ 44. Ke4 Qe8+ 45. Kf3 h5 46. Qd2 Qf7+ 47.
Kg2 h4 48. Qe2 Kg7 49. Ne7 Kf8 50. Nf5 Qb7+ 51. Kh2 Qb8+ 52. Kh3 Qe5 53. Qf3 Ke8
54. Qa8+ Kd7 55. Qxa7+ Qc7 56. Qa8 Qc6 57. Qa7+ Kd8 58. Qb8+ Kd7 59. Qa7+ Qc7
60. Qa8 Qc6 61. Qxc6+ Kxc6 62. Ne7+ Kb7 63. Nd5 Be5 64. Ne3 Kc6 65. Kg2 Bf4 66.
Nd5 Bc7 67. Kf3 Bd8 68. Nc3 Kd6 69. Ke4 Ke6 70. Nd5 h3 71. Kf3 Ke5 72. Kg3 Kd4
73. Kxh3 Kd3 74. Kg3 Kc2 75. b4 cxb4 76. Nxb4+ Kb3 77. Nc6 Bc7+ 78. Kf3 Kxc4 79.
Ke4 Kb3 80. Kf5 Kxa4 81. Kxg5 b5 82. Kf5 b4 83. Nxb4 Kxb4 84. g5 Bb6 85. Ke5 Kc4
86. g6 Ba7 87. g7 1/2-1/2

[Event "Druzynowe Mistrzostwa Polski Juniorow - I Liga 2018"]
[Site "Kudowa-Zdroj"]
[Date "1899-12-30"]
[Round "4.21"]
[White "Dzida, Kamil"]
[Black "Adamczyk, Zuzanna"]
[Result "1-0"]
[WhiteTitle "I++"]
[BlackTitle "I++"]
[WhiteElo "1854"]
[BlackElo "1722"]

1. e4 c5 2. Nf3 e6 3. d4 cxd4 4. Nxd4 Nc6 5. Nc3 Qc7 6. Ndb5 Qb8 7. Be3 Nf6 8.
Bd3 a6 9. Nd4 Bb4 10. O-O Bxc3 11. bxc3 Qc7 12. Nxc6 bxc6 13. f4 d6 14. Qf3 e5
15. fxe5 dxe5 16. Qg3 Nh5 17. Qg5 g6 18. Be2 h6 19. Qh4 Qe7 20. Qxe7+ Kxe7 21.
Bxh5 gxh5 22. Bc5+ Ke8 23. Rab1 Rg8 24. Rf6 Bh3 25. g3 Rg6 26. Rxg6 fxg6 27. Rb7
Rd8 28. Re7+ Kf8 29. Rxe5+ Kg8 30. Kf2 Rd2+ 31. Ke3 Rxc2 32. Re8+ Kf7 33. Re7+
Kf6 34. Rc7 Rxc3+ 35. Kd4 Rc2 36. Rxc6+ Kf7 37. Rxa6 Rxh2 38. Ke5 Rg2 39. Ra7+
Ke8 40. a4 Rxg3 41. a5 Bg2 42. a6 Rg4 43. Re7+ Kd8 44. Kd6 Rxe4 45. Bb6+ Kc8 46.
Rc7+ Kd8 47. Rc2+ Ke8 48. Rxg2 Ra4 49. a7 h4 50. Rxg6 h5 51. Rh6 h3 52. Rxh5 1-0

[Event "Druzynowe Mistrzostwa Polski Juniorow - I Liga 2018"]
[Site "Kudowa-Zdroj"]
[Date "1899-12-30"]
[Round "4.22"]
[White "Dziendziel, Mateusz"]
[Black "Koziorowicz, Michal"]
[Result "0-1"]
[WhiteTitle "II"]
[BlackTitle "I"]
[WhiteElo "1587"]
[BlackElo "1692"]

1. e4 c5 2. Nf3 e6 3. b3 d5 4. exd5 exd5 5. d4 Nf6 6. Bb2 Be7 7. Be2 O-O 8. dxc5
Bxc5 9. O-O Nc6 10. h3 Bf5 11. Bd3 Ne4 12. Nc3 Re8 13. Na4 Bd6 14. Nd4 Nxd4 15.
Bxd4 Qg5 16. Be3 Qg6 17. Qf3 Qf6 18. Rfe1 Qe5 19. g4 Bd7 20. Qg2 b5 21. f4 Qf6
22. Bxe4 Rxe4 23. Nc5 Rxe3 24. Nxd7 Qxf4 25. Rf1 Qh6 26. Rf3 Rxf3 27. Qxf3 Qe6
28. Qf5 Qxf5 29. gxf5 Rd8 0-1

[Event "Druzynowe Mistrzostwa Polski Juniorow - I Liga 2018"]
[Site "Kudowa-Zdroj"]
[Date "1899-12-30"]
[Round "4.23"]
[White "Raczykowska, Paulina"]
[Black "Buchta, Agnieszka"]
[Result "1/2-1/2"]
[WhiteTitle "k"]
[BlackTitle "I++"]
[WhiteElo "1890"]
[BlackElo "1810"]

1. e4 c5 2. Nf3 e6 3. d4 cxd4 4. Nxd4 Nf6 5. Nc3 d6 6. Be2 Be7 7. O-O O-O 8. Be3
Nc6 9. f4 e5 10. Nb3 exf4 11. Bxf4 Be6 12. h3 d5 13. exd5 Nxd5 14. Nxd5 Bxd5 15.
c3 Qb6+ 16. Kh1 Rad8 17. Qc2 Rfe8 18. Rad1 Bf8 19. Bd3 g6 20. Rfe1 Bg7 21. Bg5
Rc8 22. Bf4 Rxe1+ 23. Rxe1 Nb4 24. Qe2 Nxd3 25. Qxd3 Qf2 26. Qg3 Qxb2 27. Nd4
Qxa2 28. Re2 Qc4 29. Re1 Qa2 30. Re2 Qa4 31. Nf5 Re8 32. Rxe8+ Qxe8 33. Nxg7 Kxg7
34. Be5+ f6 35. Bd4 a6 36. Qc7+ Qf7 37. Qd6 Qe6 38. Qc7+ Qf7 39. Qd6 Bc6 40. Qd8
Bd5 41. Qd6 Bc6 42. Qd8 g5 43. Qd6 a5 44. Qc5 a4 45. Qxg5+ Qg6 46. Qd2 a3 47.
Kh2 Be4 48. Bc5 Qxg2+ 49. Qxg2+ Bxg2 50. Bxa3 Bd5 51. Kg3 Kg6 52. Bc5 f5 53. Bd4
Be4 54. Be5 Kg5 55. h4+ Kh5 56. Bf6 Kg6 57. Bd8 Kh5 58. Kf4 Kg6 59. Be7 Bd3 60.
Bd8 Be4 61. Be7 Bd3 62. Bd8 1/2-1/2

[Event "Druzynowe Mistrzostwa Polski Juniorow - I Liga 2018"]
[Site "Kudowa-Zdroj"]
[Date "1899-12-30"]
[Round "4.24"]
[White "Zniszczol, Wiktoria"]
[Black "Siekanska, Zuzanna"]
[Result "1-0"]
[WhiteTitle "I+"]
[BlackTitle "I"]
[WhiteElo "1568"]
[BlackElo "1395"]

1. e4 c5 2. Nc3 e6 3. f4 Nc6 4. Nf3 a6 5. g3 d5 6. d3 Bd6 7. Bg2 Nge7 8. O-O d4
9. Ne2 e5 10. f5 Bd7 11. c3 f6 12. Bd2 Qb6 13. Rb1 O-O-O 14. cxd4 exd4 15. Qc2
Kb8 16. a3 g5 17. b4 cxb4 18. axb4 h5 19. Qb3 h4 20. Rfc1 hxg3 21. hxg3 g4 22.
Ne1 Ne5 23. Kf2 Rh2 24. Bf4 Bc6 25. Kf1 Qc7 26. b5 axb5 27. Qe6 Qd7 28. Qxd7 Bxd7
29. Nxd4 N7c6 30. Nxb5 Bc7 31. d4 Nxd4 32. Nxc7 1-0

[Event "Druzynowe Mistrzostwa Polski Juniorow - I Liga 2018"]
[Site "Kudowa-Zdroj"]
[Date "1899-12-30"]
[Round "4.25"]
[White "Janiszewski, Filip"]
[Black "Bilczewski, Kacper"]
[Result "0-1"]
[WhiteTitle "I++"]
[BlackTitle "k+"]
[WhiteElo "1953"]
[BlackElo "2093"]

1. e4 e5 2. Nf3 Nc6 3. Bb5 Bc5 4. c3 f5 5. d3 Nf6 6. O-O O-O 7. h3 Kh8 8. Re1 d6
9. Nbd2 fxe4 10. Nxe4 Nxe4 11. Rxe4 Bf5 12. Rh4 Qf6 13. d4 Bb6 14. Bd3 exd4 15.
cxd4 Nxd4 16. Rxd4 Bxd4 17. Bxf5 Bxf2+ 18. Kxf2 Qxf5 19. Be3 Rae8 20. Rc1 Re7
21. Qd4 Rfe8 22. Re1 b6 23. g4 Qe4 24. Qc3 Qd5 25. Nh4 Qe5 26. Qxe5 Rxe5 27. Nf5
d5 28. Rd1 c5 29. Bf4 Re2+ 30. Kg3 d4 31. Nd6 R8e6 32. b4 Rxa2 33. bxc5 bxc5 34.
Rc1 Ra3+ 35. Kh4 h6 36. Nb5 g5+ 37. Bxg5 hxg5+ 38. Kxg5 Rae3 39. Nxa7 d3 40. Rd1
c4 41. Kf4 c3 0-1

[Event "Druzynowe Mistrzostwa Polski Juniorow - I Liga 2018"]
[Site "Kudowa-Zdroj"]
[Date "1899-12-30"]
[Round "4.26"]
[White "Polczyk, Mikolaj"]
[Black "Dixa, Oskar"]
[Result "0-1"]
[WhiteTitle "I+"]
[BlackTitle "I++"]
[WhiteElo "2061"]
[BlackElo "1929"]

1. c4 c5 2. Nf3 Nc6 3. g3 g6 4. Bg2 Bg7 5. Nc3 Nh6 6. O-O Nf5 7. d3 O-O 8. Rb1
a6 9. Nd2 Rb8 10. Nde4 d6 11. Bd2 Bd7 12. a3 b5 13. cxb5 axb5 14. b4 cxb4 15.
axb4 Ne5 16. Ra1 Bc6 17. Ra6 Qd7 18. h3 Qb7 19. Ra5 Kh8 20. Kh2 Qb6 21. Qb3 Ra8
22. Rfa1 Qb7 23. Nxb5 Nf3+ 24. Bxf3 Bxa1 25. Bc3+ Kg8 26. Bxa1 Rxa5 27. bxa5 Qxb5
28. Qc3 Qe5 29. d4 Qg7 30. Qxc6 Nxd4 31. Bxd4 Qxd4 32. Qc3 Qa7 33. Kg2 Ra8 34.
Qc6 Rb8 35. Qd5 Qa6 36. Nc3 e6 37. Qa2 d5 38. Qa4 Rc8 39. Nb5 Rc4 40. Qb3 Qxa5
41. Nd6 Qb4 42. Qxb4 Rxb4 43. e4 d4 44. e5 d3 45. Ne4 Rb5 46. Nf6+ Kg7 47. Ng4
h5 48. Ne3 Rxe5 49. Kf1 Rb5 50. Ke1 f5 51. Nd1 e5 52. Bg2 Kf6 53. Kd2 e4 54. f3
Ke5 55. fxe4 fxe4 56. Bxe4 Kxe4 57. Nc3+ Kf3 58. Nxb5 Kxg3 59. h4 Kxh4 60. Kxd3
Kg3 61. Ke2 Kg2 62. Nd4 h4 63. Nf3 h3 64. Ne1+ Kg3 65. Nd3 h2 66. Nf2 Kg2 67.
Ke3 g5 0-1

[Event "Druzynowe Mistrzostwa Polski Juniorow - I Liga 2018"]
[Site "Kudowa-Zdroj"]
[Date "1899-12-30"]
[Round "4.27"]
[White "Ochedzan, Tymon"]
[Black "Turski, Bartlomiej"]
[Result "1-0"]
[WhiteTitle "CM"]
[BlackTitle "I"]
[WhiteElo "1874"]
[BlackElo "1893"]

1. e4 c5 2. Nf3 d6 3. d4 cxd4 4. Nxd4 Nf6 5. Nc3 Nc6 6. Bg5 e6 7. Qd2 a6 8. O-O-O
Bd7 9. f4 b5 10. Bxf6 gxf6 11. Kb1 Qb6 12. Nxc6 Bxc6 13. f5 b4 14. Ne2 e5 15.
Ng3 h5 16. h4 a5 17. Bc4 Rc8 18. Qe2 Qc5 19. b3 Rc7 20. Rhe1 a4 21. Nxh5 Ke7 22.
g4 a3 23. Qf3 Rxh5 24. gxh5 Bh6 25. Qd3 Rc8 26. Rg1 Rb8 27. Rg2 Bb5 28. Bxb5 Rxb5
29. Rg8 Qc6 30. Rh8 Bf4 31. h6 Rc5 32. h7 Rc3 33. Qxd6+ Qxd6 34. Rxd6 Rh3 35.
Rhd8 1-0

[Event "Druzynowe Mistrzostwa Polski Juniorow - I Liga 2018"]
[Site "Kudowa-Zdroj"]
[Date "1899-12-30"]
[Round "4.28"]
[White "Panek, Bartosz"]
[Black "Skurniak, Szymon"]
[Result "1-0"]
[WhiteTitle "I"]
[BlackTitle "I"]
[WhiteElo "1831"]
[BlackElo "1729"]

1. d4 Nf6 2. c4 g6 3. Nc3 d5 4. Nf3 Bg7 5. h4 dxc4 6. e4 Bg4 7. Bxc4 c5 8. e5 Nh5
9. Bxf7+ Kxf7 10. Ng5+ Ke8 11. Qxg4 cxd4 12. Nce4 Nc6 13. e6 Ne5 14. Qe2 d3 15.
Qd1 d2+ 16. Bxd2 Nd3+ 17. Kf1 Nxb2 18. Qb3 Qd3+ 19. Qxd3 Nxd3 20. Rb1 b6 21. Rh3
Nhf4 22. Bxf4 Nxf4 23. Rf3 Nh5 24. Rd1 Nf6 25. Nc3 Ng4 26. Nb5 Rc8 27. Rfd3 Bf6
28. Nf7 Kf8 29. Rd8+ Kg7 30. Nxh8 Rc2 31. Nf7 Bxh4 32. R8d2 Rc5 33. Nd4 Rh5 34.
g3 Bxg3 35. fxg3 Ne3+ 36. Ke2 Nxd1 37. Kxd1 Rh3 38. Ne2 Rh5 39. Nf4 Rc5 40. Nd8
g5 41. Nd5 g4 42. Nxe7 1-0

[Event "Druzynowe Mistrzostwa Polski Juniorow - I Liga 2018"]
[Site "Kudowa-Zdroj"]
[Date "1899-12-30"]
[Round "4.29"]
[White "Wawrzyniak, Weronika"]
[Black "Stebel, Agata"]
[Result "0-1"]
[WhiteTitle "I"]
[BlackTitle "k"]
[WhiteElo "1455"]
[BlackElo "1859"]

1. d4 Nf6 2. c4 e5 3. d5 Bc5 4. e3 O-O 5. Nf3 d6 6. Be2 Nbd7 7. Nc3 Bb4 8. Bd2
Bxc3 9. Bxc3 Ne4 10. Qc2 f5 11. Nd2 Ndf6 12. Nxe4 Nxe4 13. Bd3 Qg5 14. Bxe4 fxe4
15. O-O-O Qxg2 16. Rdg1 Qxf2 17. Qxf2 Rxf2 18. Rf1 Rxf1+ 19. Rxf1 Bg4 20. Rg1
Bf3 21. Kd2 Rf8 22. b4 Rf6 23. Rf1 Rg6 24. Rf2 h5 25. a4 Kf7 26. a5 Kf6 27. b5
Kf5 28. Kc2 b6 29. Kb3 Rg2 30. Rxg2 Bxg2 31. axb6 axb6 32. Ka4 Bf1 33. Kb3 g5
34. Be1 Kg4 35. c5 dxc5 36. Bg3 Kf5 37. Ka4 h4 38. Be1 Bc4 39. Bc3 Bxd5 40. Ka3
Be6 41. Bb2 g4 42. Bc3 g3 43. hxg3 hxg3 44. Be1 g2 45. Bf2 Kg4 46. Bg1 Kf3 47.
Kb2 Ke2 48. Kc2 Kf1 49. Bh2 g1=Q 50. Bxg1 Kxg1 51. Kd2 Kf2 52. Kd1 Kxe3 53. Ke1
Kd3 54. Kd1 e3 55. Ke1 e2 56. Kf2 Kd2 57. Kf3 e1=Q 0-1

[Event "Druzynowe Mistrzostwa Polski Juniorow - I Liga 2018"]
[Site "Kudowa-Zdroj"]
[Date "1899-12-30"]
[Round "4.30"]
[White "Bugaj, Hanna"]
[Black "Barwinska, Ewa"]
[Result "1-0"]
[WhiteTitle "I"]
[BlackTitle "I"]
[WhiteElo "1356"]
[BlackElo "1457"]

1. d4 Nf6 2. c4 c5 3. d5 g6 4. f3 Bg7 5. e4 d6 6. Nc3 a6 7. Bd3 O-O 8. Nge2 e6
9. O-O exd5 10. exd5 Nbd7 11. f4 Re8 12. Bd2 Ng4 13. Rf3 Nh6 14. Qc2 Nb6 15. h3
Nf5 16. Qc1 Nd4 17. Nxd4 Bxd4+ 18. Be3 Bg7 19. Kh1 Bd7 20. Qc2 Nc8 21. f5 Na7
22. Raf1 gxf5 23. Bxf5 Bxf5 24. Qxf5 Rf8 25. Bg5 Qc8 26. Qf4 Qd7 27. Bf6 h6 28.
Qg3 1-0

[Event "Druzynowe Mistrzostwa Polski Juniorow - I Liga 2018"]
[Site "Kudowa-Zdroj"]
[Date "1899-12-30"]
[Round "5.1"]
[White "Bilczewski, Kacper"]
[Black "Grela, Kacper"]
[Result "1/2-1/2"]
[WhiteTitle "k+"]
[BlackTitle "FM"]
[WhiteElo "2093"]
[BlackElo "2320"]

1. e4 c5 2. c3 e6 3. d4 d5 4. exd5 exd5 5. Bb5+ Bd7 6. Qe2+ Be7 7. Nf3 Nf6 8. dxc5
O-O 9. O-O Bxc5 10. Bxd7 Nbxd7 11. Nbd2 Re8 12. Qd3 a6 13. Nb3 Bd6 14. Bg5 Qc7
15. h3 Re4 16. Rfe1 Rae8 17. Bxf6 Nxf6 18. Nbd2 R4e6 19. Kf1 Bc5 20. Nb3 Bb6 21.
Nbd4 Re4 22. g3 h5 23. Nd2 Qd7 24. Nxe4 dxe4 25. Qc4 Qxh3+ 26. Ke2 e3 27. fxe3
Qxg3 28. Kd2 h4 29. Kc2 h3 30. Rg1 Qf2+ 31. Kb3 Ne4 32. Ka3 a5 33. Raf1 Nd2 34.
Qb5 Bc5+ 35. Ka4 Nxf1 36. Rxf1 Qxe3 37. Qxc5 h2 38. Qh5 b5+ 39. Qxb5 Re5 40. Qb8+
Kh7 41. Qb7 Rh5 1/2-1/2

[Event "Druzynowe Mistrzostwa Polski Juniorow - I Liga 2018"]
[Site "Kudowa-Zdroj"]
[Date "1899-12-30"]
[Round "5.2"]
[White "Karykowska, Anna"]
[Black "Polczyk, Mikolaj"]
[Result "0-1"]
[WhiteTitle "k"]
[BlackTitle "I+"]
[WhiteElo "1869"]
[BlackElo "2061"]

1. e4 d6 2. d4 Nf6 3. Nc3 e5 4. Nf3 Nbd7 5. Bc4 Be7 6. O-O O-O 7. Re1 c6 8. a4
b6 9. b3 a6 10. Bb2 Bb7 11. Bf1 Qc7 12. Qd2 b5 13. h3 Rfe8 14. g3 Bf8 15. axb5
axb5 16. Rxa8 Bxa8 17. dxe5 dxe5 18. Bg2 b4 19. Nb1 c5 20. Qd3 c4 21. Qxc4 Qxc4
22. bxc4 Bxe4 23. Nbd2 Bxc2 24. Nxe5 Nxe5 25. Rxe5 Rxe5 26. Bxe5 b3 27. Bb2 Nd7
28. Ne4 Bb4 29. g4 Nb6 30. c5 Na4 31. c6 Ba5 32. Bc1 b2 33. Bxb2 Nxb2 34. Nc3
Kf8 35. Nb5 Ke7 36. c7 Kd7 37. Bc6+ Kc8 38. Be8 Bxc7 39. Nxc7 Kxc7 40. Bxf7 Nd3
41. Kg2 g5 42. Kg3 Nf4 43. h4 h6 44. hxg5 hxg5 45. Be8 Kd6 46. Bb5 Ke5 47. Ba6
Be4 48. Bb5 Bd3 49. Be8 Ne2+ 50. Kf3 Nc3 51. Ke3 Be4 52. f3 Bb7 53. Bg6 Nd5+ 54.
Kf2 Kf4 55. Be4 Bc6 56. Bc2 Nb4 0-1

[Event "Druzynowe Mistrzostwa Polski Juniorow - I Liga 2018"]
[Site "Kudowa-Zdroj"]
[Date "1899-12-30"]
[Round "5.3"]
[White "Turski, Bartlomiej"]
[Black "Kejna, Piotr"]
[Result "1-0"]
[WhiteTitle "I"]
[BlackTitle "CM"]
[WhiteElo "1893"]
[BlackElo "1505"]

1. e4 c5 2. Nf3 Nc6 3. d4 cxd4 4. Nxd4 Qb6 5. Nb3 e6 6. Be3 Qc7 7. Be2 Nf6 8. Nc3
a6 9. O-O b5 10. a3 Bb7 11. f4 d6 12. Bd3 Be7 13. Qf3 Rc8 14. g4 g5 15. h3 h5
16. fxg5 Ne5 17. Qg3 hxg4 18. gxf6 Rxh3 19. Qe1 Nf3+ 20. Rxf3 gxf3 21. Bf1 Rh8
22. fxe7 d5 23. Qf2 Kd7 24. Bxb5+ axb5 25. Nc5+ Kxe7 26. Qxf3 Rcg8+ 27. Kf1 dxe4
28. N3xe4 Bxe4 29. Nxe4 Kd8 30. Rd1+ Kc8 31. Nc5 e5 32. Qa8+ Qb8 33. Qa6+ Kc7
34. Rd7# 1-0